000 00778nam a22002537a 4500
999 _c14659
_d14659
003 MIRAKIL
005 20211207162702.0
008 211207b tu ||||| |||| 00| 0 tur d
020 _a9757501379
040 _aTR-AnCHP
_cTR-AnCHP
041 _atur
082 _a330.122
_bH46k 2000
100 _aHirst, Paul
245 1 0 _aKüreselleşme sorgulanıyor /
_cPaul Hirst, Grahame Thompson ; [çevirenler]: Çağla Erdem, Elif Yücel
250 _a2 bs.
260 _aAnkara :
_bDost Kitabevi,
_c2000.
300 _a262 s.:
_bgrf.;hrt.;tbl.;
_c21 sm.
504 _aDizin ve kaynakça vardır.
650 0 _9633
_aKüreselleşme
700 _96861
_aThompson, Grahame
700 _96862
_aErdem, Çağla
_eçev.
700 _96863
_aYücel, Elif
_eçev.
942 _2ddc
_cBKS